Desarrollo sustentable del sector pesquero chileno en los años 80

Uloženo v:
Podrobná bibliografie
Hlavní autor: Gómez-Lobo, Andrés (Autor)
Médium: Kniha
Jazyk:španělština
Vydáno: Santiago Universidad de Santiago de Chile 1991
Témata:
Tagy: Přidat tag
Žádné tagy, Buďte první, kdo vytvoří štítek k tomuto záznamu!

MARC

LEADER 00000nam a2200000 a 4500
001 UCX4168
003 CL-VaPUC
008 920320e19910000CL |||||||||||||||||spa|d
082 0 4 |a 338.372  |b GOM  |2 21 
100 |a Gómez-Lobo, Andrés  |e author  |9 526213 
245 1 0 |a Desarrollo sustentable del sector pesquero chileno en los años 80 
246 1 0 |a Encuentro anual de economistas de Chile 1990 
300 |a 35 p 
942 |c BK 
945 |d 19920320 00:00:00 
260 |a Santiago  |b Universidad de Santiago de Chile  |c 1991 
650 0 |a Pesca  |9 258707 
651 7 |a CHILE  |2 CL-VaPUC  |9 320295 
583 |a last modification  |c 19920320 00:00:00  |k Rodrigo Vera 
999 |c 224714  |d 224712 
952 |0 0  |1 0  |4 0  |6 338_372000000000000_GOM_1991  |7 0  |8 A  |9 221593  |a BIBENE  |b BIBENE  |d 2019-11-15  |i 2904039  |o 338.372 GOM 1991  |p 2904039  |r 2025-01-15  |w 2019-11-15  |y BK  |k ICO